Pokémon - Quiz 5G - Statistiques

Statistiques générales
  • Ce quiz a été pris 143 fois
  • Le résultat moyen est 11 sur 20
Statistiques - réponses
Indice Réponse % Correct
Jeux Blanc
99%
Jeux Blanc 2
99%
Jeux Noir 2
99%
Jeux Noir
99%
Premier Pokémon du Pokédex Victini
86%
Champions de l'arène d'Ogoesse Rachid
76%
Zone spécifique aux jeux #1 et #3 Ville Noire
68%
Zone spécifique aux jeux #2 et #4 Forêt Blanche
65%
Champions de l'arène d'Ogoesse Noa
65%
Champions de l'arène d'Ogoesse Armando
62%
Ville avec un maillage circulaire Volucité
50%
Pokémon qui aurait été décrit dans les jeux Rouge et Bleu Munna
45%
On y tourne en rond pour atteindre un cloche Tour des Cieux
37%
Pokémon à qui le team preview fait défaut (en citer 1) Zorua|Zoroark
37%
Talents n'étant plus signatures de Pokémon légendaires Crachin
32%
Pokémon avec un simple type unique Boréas
29%
Talents n'étant plus signatures de Pokémon légendaires Sécheresse
28%
Antagoniste du premier film au Pokéwood Zhuman
22%
Pokémon possible à combattre avec un Bonbon Rage au Château Enfoui Darumacho Mode Transe
11%
Pokémon à présent impassible, mais pas de type Combat Insécateur
4%
Aucun quiz correspondant
Distribution des résultats
% des personnes avec chaque résultat
Percentile par nombre de réponses
Votre historique - résultats
Vous n’avez pas pris ce quiz